Cargando...
Inconceivable
| Autor principal: | |
|---|---|
| Formato: | Printed Book |
| Publicado: |
London, Black Swan
1999
|
| Materias: |
| LEADER | 005400000a22001930004500 | ||
|---|---|---|---|
| 020 | |a 0-552-14819-9 | ||
| 082 | |a 823 ELT/I N9 | ||
| 100 | |a Elton, Ben; Author | ||
| 245 | |a Inconceivable | ||
| 250 | |||
| 260 | |a London, Black Swan | ||
| 260 | |c 1999 | ||
| 460 | |a 367 | ||
| 465 | |a Rs.455.65 | ||
| 500 | |a Ben Elton | ||
| 650 | |a English fiction | ||
| 942 | |c BK | ||
| 999 | |c 32255 |d 32255 | ||
| 952 | |0 0 |1 0 |4 0 |6 823_000000000000000_ELTI_N9 |7 0 |8 ENG |9 32389 |a MGUL |b MGUL |d 2013-07-16 |e Rs.455.65 |l 1 |o 823 ELT/I N9 |p 32845 |r 2014-08-28 |s 2014-08-16 |w 2013-07-16 |y BK | ||